000 01688nam a2200313 i 4500
001 42835
003 gtgccic
005 20250910141400.0
007 ta
008 250910| gt ||||| |||| 00| 0 spa d
040 _agtgccic
_bspa
_cgtgccic
_erda
084 _0C-87-2524
100 1 0 _aChavarria Soria, Edgar Rene
_d1987
_eAutor
245 1 0 _aMezclas puzolanas - cal - arena pómez :
_bdeterminación de sus características de uso como material de construcción /
_cEdgar Rene chavarria Soria
264 1 _aGuatemala, Guatemala :
_bUniversidad de San Carlos de Guatemala, Facultad de Ingeniería,
_c1987.
300 _a56 páginas :
_bIlustraciones,
_c27 cm
336 _2rdacontenido
_aTexto
_btxt
337 _2rdamedio
_asin mediación
_bn
338 _2rdasoporte
_avolumen
_bnc
502 _aIngeniero civil,
_bTesis de grado,
_cUSAC,
_d1987.
_oC19872524
504 _aBibliografía páginas 55-56
520 3 _aEn el presente estudio se presentan los puzolánicos, los cuales se pueden definir como materias constituidas por partículas muy finas que al mezclarlas con cal hidratada y agua reaccionan con el hidróxido de calcio para formar un compuesto cementante. El fin de este estudio es tratar de conocer lo que es en si la reacción puzolánica o puzolanicidad, haciéndolo por medio de morteros normalizados con materiales específicos, para determinar si adquieren propiedades cementantes al ser mezclados con cal hidratada y agua teniendo como agregado fino arena pómez.
546 _aEspañol
650 1 4 _aPuzolanas
650 1 4 _aMateriales de construcción
700 1 0 _aMorales González, Jorge Mario
_eAsesor
942 _0tes
_cTES
_kC19872524
_n0
945 _aMC
999 _c1775
_d1775